00745nam a2200217Ia 4500008004100000020001700041040001400058082002200072100002500094245006000119260003400179300001100213365002700224366000800251505002200259530003000281620008100311630006000392650001500452730006000467100315s9999 xx 000 0 und d a0706926587  cENGLISH  b8455 a338.954  a"Mukherjee, Pranab " aBeyond Survival : Emerging Dimensions of Indian Economy aNEW DELHI bVikas  c1984  a257   eRupees d1 b95.00  f0  gVaibhav Gaikwad  bDonated By RBI Library   a"Indian Economy, Beyond Survival, Emerging Dimension, Economic, Planning, " aBeyond Survival : Emerging Dimensions of Indian Economy aECONOMIC  aBeyond Survival : Emerging Dimensions of Indian Economy